Central Library OPAC University of Rajshahi

Valency and molecular structure / (Record no. 71091)

MARC details
000 -LEADER
fixed length control field 00899nam a2200277 a 4500
001 - CONTROL NUMBER
control field 71091
003 - CONTROL NUMBER IDENTIFIER
rucl marc code BD-RjUL
005 - DATE AND TIME OF LATEST TRANSACTION
control field 20211209082057.0
008 - FIXED-LENGTH DATA ELEMENTS--GENERAL INFORMATION
fixed length control field 170426s1957 enka b 001 0 eng d
035 ## - SYSTEM CONTROL NUMBER
System control number (BD-RjUL) 71306
040 ## - CATALOGING SOURCE
Original cataloging agency DLC
Transcribing agency DLC
Modifying agency ICU
-- DLC
-- BD-RjUL
Language of cataloging eng
041 ## - LANGUAGE CODE
Language code of text/sound track or separate title eng
082 00 - DEWEY DECIMAL CLASSIFICATION NUMBER
Classification number 541.224
Edition number 23
Author mark and year CAV 1957
100 1# - MAIN ENTRY--PERSONAL NAME
Personal name Cartmell, E.
Fuller form of name (Edward)
9 (RLIN) 29542
245 10 - TITLE STATEMENT
Title Valency and molecular structure /
Statement of responsibility, etc. [by] E. Cartmell and G.W.A. Fowles.
250 ## - EDITION STATEMENT
Edition statement 1st ed.
260 ## - PUBLICATION, DISTRIBUTION, ETC. (IMPRINT)
Place of publication, distribution, etc. London :
Name of publisher, distributor, etc. Butterworths,
Date of publication, distribution, etc. 1957.
300 ## - PHYSICAL DESCRIPTION
Pagination xii, 256 p. :
Illustrations ill. ;
Size 22 cm.
504 ## - BIBLIOGRAPHY, ETC. NOTE
Bibliography, etc Includes bibliographical reference and index.
650 #0 - SUBJECT ADDED ENTRY--TOPICAL TERM
Topical term or geographic name as entry element Valence (Theoretical chemistry)
9 (RLIN) 29543
Topical term or geographic name as entry element Molecular structure.
9 (RLIN) 28116
700 1# - ADDED ENTRY--PERSONAL NAME
Personal name Fowles, G. W. A.
Fuller form of name (Gerald Wilfred Albert),
Relator term joint author.
942 ## - ADDED ENTRY ELEMENTS (KOHA)
Source of classification or shelving scheme Dewey Decimal Classification
Koha item type Books
Holdings
Lost status Source of classification or shelving scheme Damaged status Not for loan Collection code Permanent Location Current Location Shelving location Date acquired Source of acquisition Cost, normal purchase price Total Checkouts Full call number Date last seen Copy number Koha item type
  Dewey Decimal Classification   Not For Loan Non-fiction Central Library, University of Rajshahi Central Library, University of Rajshahi Reading Room 05/02/1958 B.H.Blackwell 12.06   541.224 CAV 1957 26/04/2017 C-1 Books